000 00724nam a2200217 i 4500
001 39743
003 ES-MaACL
005 20230906160054.0
007 t|
008 030304s1972 ag ||||1| spa d
100 1 _aCantarella, Raffaele.
_934625
245 1 3 _aLa literatura griega de la época helenística e imperial /
_cRaffaele Cantarella ; traducción de Esther L. Paglialunga.
260 _aBuenos aires :
_bLosada,
_c[1972]
300 _a481 p. ;
_c23 cm.
490 1 _aLas literaturas del mundo
650 0 0 _aLiteratura griega-
_xHistoria y crítica.
_914599
700 1 _aPaglialunga, Esther L.
_988294
830 1 _aLas literaturas del mundo
_9181813
852 _aES-MaACL
_jE-8863
999 _c39743
_d39743